000 01525cam a22003857a 4500
001 13164560
003 OSt
005 20170301105835.0
008 030416s2004 onca 001 0 eng d
010 _a 2003105638
015 _aGBA3-V6493
020 _a076454134X
035 _a(OCoLC)ocm52784536
040 _aUKM
_cUKM
_dUOK
_dTEF
_dUMC
_dOCL
_dDLC
042 _alccopycat
050 0 0 _aTK5103.2
_b.C37 2004
082 0 4 _a004.68
_221
100 1 _aCarter, Todd W.
245 1 0 _aTeach yourself visually wireless networking /
_cby Todd W. Carter and Paul Whitehead.
246 3 _aWireless networking
260 _aMississauga, Ont. :
_bmaranGraphics ;
_aHoboken, NJ :
_bWiley,
_cc2004.
300 _a287 p. :
_bcol. ill. ;
_c23 cm.
440 0 _aVisual read less, learn more
500 _aIncludes index.
650 0 _aHome computer networks.
650 0 _aWireless communication systems.
700 1 _aWhitehead, Paul,
_d1965-
856 4 1 _3Table of contents only
_uhttp://www.loc.gov/catdir/toc/wiley041/2003105638.html
856 4 2 _3Contributor biographical information
_uhttp://www.loc.gov/catdir/enhancements/fy0615/2003105638-b.html
856 4 2 _3Publisher description
_uhttp://www.loc.gov/catdir/enhancements/fy0615/2003105638-d.html
906 _a7
_bcbc
_ccopycat
_d2
_eepcn
_f20
_gy-gencatlg
942 _2lcc
_cBK
999 _c255859
_d255858